000 00464nam a22001457a 4500
008 140606b xxu||||| |||| 00| 0 eng d
020 _a9780901819543
050 _aLC268.A296
100 _aAinsworth, Janina
_910717
245 _aClergy and Church Schools
_bgovernance, chaplaincy and eucharist
_cJanina Ainsworth
260 _aEssex
_bThe National Society
_c1997
300 _avi, 41p. ;
_c22cm.
650 _aChristian education
_910718
942 _2lcc
_cMONOGRAPH
999 _c120662
_d120662